Alternativa (Registro n. 709)

Detalhes MARC
000 -LEADER
fixed length control field 00875nas a22002297a 4500
005 - DATE AND TIME OF LATEST TRANSACTION
control field 20260525161304.0
008 - FIXED-LENGTH DATA ELEMENTS--GENERAL INFORMATION
fixed length control field 260525b19951996pormr|p| |||| 00| z por d
040 ## - CATALOGING SOURCE
Transcribing agency BR-ViAPE
245 ## - TITLE STATEMENT
Title Alternativa
260 ## - PUBLICATION, DISTRIBUTION, ETC.
Place of publication, distribution, etc. Nova Venécia
Name of publisher, distributor, etc. Ferrar Promoções Artísticas e Sociais Ltda
Date of publication, distribution, etc. 1995-1996
300 ## - PHYSICAL DESCRIPTION
Extent v.
Other physical details il.
310 ## - CURRENT PUBLICATION FREQUENCY
Current publication frequency Mensal
362 ## - DATES OF PUBLICATION AND/OR SEQUENTIAL DESIGNATION
Dates of publication and/or sequential designation Ano 1, n. 1 (out. 1995) - ano 1, n. 7 (fev. 1996).
500 ## - GENERAL NOTE
General note Disponibilizada apenas a imagem da capa na versão digital, em virtude de restrições de direitos autorais.
500 ## - GENERAL NOTE
General note Coleção incompleta: disponíveis apenas alguns números do periódico.
650 ## - SUBJECT ADDED ENTRY--TOPICAL TERM
Source of heading or term Cidades
General subdivision Política
-- Cultura
Geographic subdivision Espírito Santo
651 ## - SUBJECT ADDED ENTRY--GEOGRAPHIC NAME
Geographic name Espírito Santo (Brasil)
Form subdivision Periódicos
700 ## - ADDED ENTRY--PERSONAL NAME
Personal name Ferrari, José Renato
Relator term Diretor
710 ## - ADDED ENTRY--CORPORATE NAME
Corporate name or jurisdiction name as entry element Ferrari Promoções Artísticas e Sociais Ltda
942 ## - ADDED ENTRY ELEMENTS (KOHA)
Source of classification or shelving scheme Dewey Decimal Classification
Koha item type Periódicos
Suppress in OPAC Yes
Exemplares
Withdrawn status Lost status Source of classification or shelving scheme Damaged status Not for loan Home library Current library Date acquired Total checkouts Date last seen Price effective from Koha item type
    Dewey Decimal Classification     Hemeroteca Digital do Arquivo Público do Estado do Espírito Santo Hemeroteca Digital do Arquivo Público do Estado do Espírito Santo 05/25/2026   05/25/2026 05/25/2026 Periódicos